00448nam a2200145Ia 4500008004100000040001900041041001200060082004100072100001800113245004500131260003700176300001700213650002500230651004700255131103s9999 xx 000 0 und d aLoreto College aEnglish aTAG/891.44/TAG-DASbLCLIB/BnSem/2027 aDas, Khudiram aRabindra-pratibha parichoycKhudiram Das aCalcuttabBookland Pvt Ltdc1961 a554p c 22cm aTagore, Rabindranath aBengali Literature - History and Criticism